Statistics for Freddie Dredd - Suffer (2020)

Click here to take the quiz!

General Stats

  • This quiz has been taken 5 times
  • The average score is 7 of 10

Answer Stats

SongViews (On YT Music)% Correct
4.Tool2.400.000
100%
1.Darko12.000.000
67%
7.Delete1.100.000
67%
8.Devil's Work23.000.000
67%
10.Knot Myself1.300.000
67%
3.Necklace2.400.000
67%
2.Speak Up3.800.000
67%
6.Stunna4.000.000
67%
9.WTH21.000.000
67%
5.Blow2.000.000
33%

Score Distribution

Percentile by Number Answered

Percent of People with Each Score

Your Score History

You have not taken this quiz